000 00611cab a2200229 4500
001 ABS60264
008 090401t1999 xxu||||| |||| 00| 0 eng d
035 _a(Sirsi) u92393
041 _aeng
100 _aLamont, Z.
245 _aGuide to best practice in construction
260 _c1999
350 _a0
490 _aConstruction News
_v(6608) 25 March 1999, 25-26(2)
650 _aBEST PRACTICE
650 _aCONSTRUCTION BEST PRACTICE PROGRAMME
650 _aCONSTRUCTION INDUSTRY BOARD
650 _aCONSTRUCTION INDUSTRY
690 _aBUILT ENVIRONMENT
942 _n0
948 _c26/03/1999
999 _c58576
_d58576